书目信息 |
| 题名: |
中外文学作品选讲
|
|
| 作者: | 钱华 主编 | |
| 分册: | ||
| 出版信息: | 武汉 华中科技大学出版社 2001.07 |
|
| 页数: | 481页 | |
| 开本: | 20cm | |
| 丛书名: | 现代远程教育系列教材 | |
| 单 册: | ||
| 中图分类: | I3 , I106 | |
| 科图分类: | ||
| 主题词: | 作品--zuo pin--文学评论--世界 , 作品--zuo pin--文学研究--世界 , 文学--世界 | |
| 电子资源: | ||
| ISBN: | 7-5609-2476-X | |
| 000 | 00934nam 2200277 450 | |
| 001 | 012006009968 | |
| 005 | 20060119083756.68 | |
| 010 | @a7-5609-2476-X@dCNY26.00 | |
| 100 | @a20060119d2001 km y0chiy0120 ea | |
| 101 | 0 | @achi |
| 102 | @aCN@b420000 | |
| 105 | @ay z 000yy | |
| 200 | 1 | @a中外文学作品选讲@Azhong wai wen xue zuo pin xuan jiang@f钱华主编@Fqian hua zhu bian |
| 210 | @a武汉@c华中科技大学出版社@d2001.07 | |
| 215 | @a481页@d20cm | |
| 225 | 2 | @a现代远程教育系列教材@Axian dai yuan cheng jiao yu xi lie jiao cai |
| 330 | @a本书分为三编,包括中国古典文学作品选讲、中国现当代文学作品选讲、外国文学作品选讲,共8章内容。 | |
| 410 | 0 | @12001 @a现代远程教育系列教材 |
| 606 | 0 | @a作品@Azuo pin@x文学评论@y世界 |
| 606 | 0 | @a作品@Azuo pin@x文学研究@y世界 |
| 606 | 0 | @a文学@x世界 |
| 690 | @aI3@v4 | |
| 690 | @aI106@v3 | |
| 701 | 0 | @a钱华@Aqian hua@4主编 |
| 801 | 0 | @aCN@bQSSK@c20060119 |
| 905 | @a10447@dI106@eQ200 | |
| 中外文学作品选讲/钱华主编.-武汉:华中科技大学出版社,2001.07 |
| 481页;20cm.-(现代远程教育系列教材) |
| ISBN 7-5609-2476-X:CNY26.00 |
| 本书分为三编,包括中国古典文学作品选讲、中国现当代文学作品选讲、外国文学作品选讲,共8章内容。 |
| ● |
| 相关链接 |
|
|
|
正题名:中外文学作品选讲
索取号:I106/Q200
 
预约/预借
| 序号 | 登录号 | 条形码 | 馆藏地/架位号 | 状态 | 备注 |
| 1 | 579256 | 205792560 | 文学库108/108文学库 1排6列3层/ [索取号:I106/Q200] | 在馆 | |
| 2 | 579257 | 205792579 | 文学库108/108文学库 1排6列3层/ [索取号:I106/Q200] | 在馆 | |
| 3 | 579258 | 205792588 | 文学库108/108文学库 1排6列3层/ [索取号:I106/Q200] | 在馆 |